| 000 | 00710nam a22002177a 4500 | ||
|---|---|---|---|
| 999 |
_c158665 _d158665 |
||
| 005 | 20181110153908.0 | ||
| 010 | _aENG-124472 | ||
| 020 |
_a9789352869053 _c749.00 |
||
| 035 | _aEN-108004 | ||
| 037 | _bDBAD/PUB | ||
| 082 | _a005.72 | ||
| 100 | _aMaivald, Jim | ||
| 245 |
_aDW adobe dreamweaver CC: _b2018 release / _cby Jim Maivald |
||
| 250 | _a2nd ed. | ||
| 260 |
_aNew Delhi _bPearson _c2018 |
||
| 270 |
_a14 Local Shopping Centre, Panchsheel Park _bNew Delhi _e110017 |
||
| 300 |
_axi,420p. _c27cm. (pbk) _bill. |
||
| 500 | _aIt includes appendix: TINY URLS and Index | ||
| 500 | _aClassroom in a book: the official training workbook from adobe | ||
| 942 |
_2ddc _cEN _h005.72 _mMAI |
||